[Event "Madrid-ch Previa B"]
[Site "Madrid"]
[Date "2023.02.17"]
[Round "6.20"]
[White "Ortega Sanchez Montanez, Marcos"]
[Black "Torres Garcia-Denche, Jesus"]
[Result "1-0"]
[WhiteElo "1536"]
[BlackElo "1239"]
[PlyCount "51"]
[EventDate "2023.02.02"]
[EventType "swiss"]
[EventRounds "9"]
[EventCountry "ESP"]
[SourceTitle "EXT 2024"]
[Source "ChessBase"]
[SourceDate "2023.10.10"]
[SourceVersion "1"]
[SourceVersionDate "2023.10.10"]
[SourceQuality "1"]

1. d4 d5 2. c4 c6 3. Nc3 Nf6 4. Nf3 Bg4 5. e3 e6 6. Be2 Bd6 7. cxd5 exd5 8. Qc2 Nbd7 9. e4 dxe4 10. Nxe4 Bc7 11. Be3 Nd5 12. Bd2 a5 13. Nc3 N7f6 14. Bg5 h6 15. Nxd5 Qxd5 16. Bxf6 gxf6 17. h3 Bh5 18. a3 Bb6 19. 0-0-0 0-0-0 20. Bc4 Qd6 21. Qf5+ Rd7 22. Qxh5 Bxd4 23. Rxd4 Qxd4 24. Nxd4 Rxd4 25. Bb3 Rhd8 26. Rd1 1-0

[Event "Madrid-ch Previa B"]
[Site "Madrid"]
[Date "2023.02.10"]
[Round "4.22"]
[White "Perez Molero, Jose Ignacio"]
[Black "Torres Garcia-Denche, Jesus"]
[Result "0-1"]
[WhiteElo "1504"]
[BlackElo "1239"]
[PlyCount "54"]
[EventDate "2023.02.02"]
[EventType "swiss"]
[EventRounds "9"]
[EventCountry "ESP"]
[SourceTitle "EXT 2024"]
[Source "ChessBase"]
[SourceDate "2023.10.10"]
[SourceVersion "1"]
[SourceVersionDate "2023.10.10"]
[SourceQuality "1"]

1. d4 d5 2. c4 c6 3. Nc3 Nf6 4. Bg5 e6 5. e3 Bb4 6. a3 Be7 7. Nf3 Nbd7 8. cxd5 exd5 9. Bd3 h6 10. Bh4 g5 11. Bg3 Nh5 12. 0-0 Ndf6 13. Be2 Ng4 14. Ne5 Nxg3 15. hxg3 Nxe5 16. dxe5 Be6 17. Qd4 h5 18. e4 a6 19. exd5 cxd5 20. f4 Rc8 21. b4 f5 22. Rfd1 h4 23. Nxd5 Bxd5 24. Qxd5 Qxd5 25. Rxd5 hxg3 26. fxg5 Bxg5 27. Rf1 Be3+ 0-1

[Event "Madrid Alcorcon op 1st"]
[Site "Madrid"]
[Date "2022.12.28"]
[Round "5"]
[White "Iglesias Montes, Lucas"]
[Black "Torres Garcia-Denche, Jesus"]
[Result "1-0"]
[WhiteElo "1050"]
[BlackElo "1258"]
[PlyCount "111"]
[EventDate "2022.12.26"]
[EventType "swiss"]
[EventRounds "9"]
[EventCountry "ESP"]
[SourceTitle "CBM 212 Extra"]
[Source "ChessBase"]
[SourceDate "2023.03.31"]
[SourceVersion "1"]
[SourceVersionDate "2023.03.31"]
[SourceQuality "1"]

1. c4 c5 2. g3 d6 3. Bg2 Nf6 4. Nc3 Nc6 5. Nf3 g6 6. e3 Bg7 7. d4 cxd4 8. exd4 0-0 9. 0-0 Bg4 10. Be3 Qc8 11. Qd2 Rd8 12. d5 Bxf3 13. Bxf3 Ne5 14. Bg2 Nxc4 15. Qe2 Nxe3 16. fxe3 a6 17. Rac1 Qb8 18. Rc2 Qa7 19. Kh1 h5 20. h3 Nd7 21. b4 b5 22. Rfc1 Ne5 23. Nd1 Bh6 24. Rc7 Qb6 25. R7c3 Nc4 26. Bf1 Qb7 27. Qg2 Re8 28. Bxc4 bxc4 29. Rxc4 Rac8 30. Rc6 Rb8 31. R1c4 Qb5 32. a3 Qa4 33. Qc2 Qxa3 34. Qc3 Qxc3 35. Nxc3 Bxe3 36. Rxa6 Bd2 37. Na2 Rb5 38. Ra7 Rxd5 39. Rb7 Be3 40. Nc3 Ra8 41. Nxd5 Ra1+ 42. Kg2 Bg5 43. b5 e6 44. Ne7+ Kg7 45. b6 Rb1 46. Rc6 d5 47. Rd7 e5 48. Nxd5 e4 49. b7 Rb2+ 50. Kf1 Rb1+ 51. Ke2 Rb2+ 52. Kd1 Rd2+ 53. Ke1 Rh2 54. b8Q Rh1+ 55. Kf2 Rh2+ 56. Kg1 1-0